Mi vida (Record no. 187583)

MARC details
000 -LEADER
campo de control de longitud fija 00945nam a2200241 i 4500
001 - NÚMERO DE CONTROL
campo de control 187583
003 - IDENTIFICADOR DE NÚMERO DE CONTROL
campo de control ES-MaACL
005 - FECHA Y HORA DE LA ÚLTIMA TRANSACCIÓN
campo de control 20250804161021.0
008 - DATOS DE LONGITUD FIJA--INFORMACIÓN GENERAL
campo de control de longitud fija 171130s2006 sp |||| |aspa d
020 ## - NÚMERO INTERNACIONAL ESTÁNDAR DEL LIBRO
Número Internacional Estándar del Libro 84-7490-805-1
080 ## - NÚMERO DE LA CLASIFICACIÓN DECIMAL UNIVERSAL
Número de la Clasificación Decimal Universal 929 Benedicto XVI, Papa
100 0# - ENTRADA PRINCIPAL--NOMBRE DE PERSONA
Nombre de persona Benedicto
Numeración XVI,
Títulos y otros términos asociados al nombre Papa
9 (RLIN) 234934
245 10 - MENCIÓN DEL TÍTULO
Título Mi vida
Resto del título : [autobiografía] /
Mención de responsabilidad, etc. Joseph Ratzinger ; [traducción, Carlos d'Ors Führer ; prólogo de Antonio Mª Rouco Varela ; introducción de Angelo Scola].
260 ## - PUBLICACIÓN, DISTRIBUCIÓN, ETC.
Lugar de publicación, distribución, etc. Madrid :
Nombre del editor, distribuidor, etc. Encuentro,
Fecha de publicación, distribución, etc. [2006]
300 ## - DESCRIPCIÓN FÍSICA
Extensión 188 p ;
Dimensiones 19 cm.
600 07 - PUNTO DE ACCESO ADICIONAL DE MATERIA--NOMBRE DE PERSONA
Nombre de persona Benedicto
Numeración XVI,
Títulos y otros términos asociados al nombre Papa
Fuente del encabezamiento o término embne
9 (RLIN) 234934
700 1# - ENTRADA AGREGADA--NOMBRE PERSONAL
Nombre de persona Ors Führer, Carlos d'.
9 (RLIN) 87369
700 1# - ENTRADA AGREGADA--NOMBRE PERSONAL
Nombre de persona Rouco Varela, Antonio María.
9 (RLIN) 100006
852 ## - LOCALIZACIÓN
Ubicación ES-MaACL
Número de control de estantería A-14110
itemnumber 194669
Sublocalización o colección R.151398
Ubicación en estantería Depósito 1
Signatura antigua Olim: N-7110
Donativo/Legado Donación: Pilar Fernández Vera
903 ## - NOMBRE PERSONAL DE DONANTE
a Fernández Vera, Pilar,
d 1961-
e Donante
9 49420
942 ## - ELEMENTOS DE ENTRADA SECUNDARIOS (KOHA)
Fuente del sistema de clasificación o colocación Clasificación decimal universal
Tipo de ítem Koha Libro impreso
Holdings
Estatus retirado Estado de pérdida Fuente del sistema de clasificación o colocación Estado de daño No para préstamo Biblioteca de origen Biblioteca actual Ubicación en estantería Fecha de adquisición Fuente de adquisición Total de préstamos Signatura topográfica completa Código de barras Visto por última vez Precio de reemplazo Tipo de ítem Koha
    Clasificación decimal universal     Biblioteca del Ateneo de Madrid Biblioteca del Ateneo de Madrid Depósito 1 30/11/2017 Donación   A-14110 1198131 23/02/2023 23/02/2023 Libro impreso